Market leader Intermediate business english course book

保存先:
書誌詳細
第一著者: David Cotton
フォーマット: 図書
言語:English
出版事項: England Pearson Longman 2005
版:new edition
主題:
タグ: タグ追加
タグなし, このレコードへの初めてのタグを付けませんか!
Thư viện lưu trữ: Trung tâm Học liệu Lê Vũ Hùng, Trường Đại học Đồng Tháp
LEADER 00769pam a22002298a 4500
001 00039334
005 20190117100132.0
008 170518s2005 ||||||engsd
041 0 # |a eng 
082 1 4 |a 338  |b M100L 
100 1 # |a David Cotton 
245 1 0 |a Market leader  |b Intermediate business english course book  |c David Cotton, David Falvey, Simon Kent 
250 # # |a new edition 
260 # # |a England  |b Pearson Longman  |c 2005 
300 # # |a 176tr.  |c 30 cm 
653 # # |a Market 
653 # # |a leader 
852 # # |b Kho mượn  |j KM.0022680, KM.0021535, KM.0022683 
852 # # |b Kho đọc  |j KD.0021932 
852 # # |j KD.0021932  |j KM.0022680  |j KM.0022683  |j KM.0021535 
910 # # |d 18/05/2017 
980 # # |a Trung tâm Học liệu Lê Vũ Hùng, Trường Đại học Đồng Tháp